| 000 | 01367cam a2200313 4500500 | ||
|---|---|---|---|
| 005 | 20260329021318.0 | ||
| 041 | _afre | ||
| 042 | _adc | ||
| 100 | 1 | 0 |
_aLesenne, Véronique _eauthor |
| 245 | 0 | 0 | _aDéveloppement psychomoteur et dialogue tonique |
| 260 | _c2017. | ||
| 500 | _a88 | ||
| 520 | _a les constatations sur le développement psychotnoteur précoce des enfants noirs marrons de Guyane peuvent être une source d’inspiration dans le traitement des enfants atteints de Troubles: Envahissants du. Développement (TED). L’instauration d’un dialogue tonique a des effets positifs décrits dans deux cas cliniques. | ||
| 520 | _ahaving a tonic dialogue had positive eflects described in two clinical cases of two french guyana black «marron» children whose early psychomotor development was linked to a Petvasive Developmental Disorder (PDD). | ||
| 690 | _adialogue tonique | ||
| 690 | _aenfant | ||
| 690 | _aGuyane | ||
| 690 | _anoir marron | ||
| 690 | _apsychomotricité | ||
| 690 | _aTed | ||
| 690 | _ablack marron | ||
| 690 | _achildpsychiatry | ||
| 690 | _aFrench Guyana | ||
| 690 | _aPDD | ||
| 690 | _apsychomotricity | ||
| 690 | _atonic dialogue | ||
| 786 | 0 | _nPsy Cause | 74 | 1 | 2017-01-26 | p. 49-52 | 1245-2394 | |
| 856 | 4 | 1 | _uhttps://shs.cairn.info/revue-psy-cause-2017-1-page-49?lang=fr&redirect-ssocas=7080 |
| 999 |
_c1911608 _d1911608 |
||